[Event "5th Classic Open 2013"]
[Site "London ENG"]
[Date "2013.12.10"]
[Round "4.26"]
[White "Bates, Caspar J"]
[Black "Sarkar, Justin"]
[Result "1/2-1/2"]
[BlackTitle "IM"]
[WhiteElo "2167"]
[BlackElo "2425"]
[WhiteFideId "414760"]
[BlackFideId "2010011"]
[EventDate "2013.12.07"]

1. d4 Nf6 2. c4 e6 3. e3 d5 4. Nc3 a6 5. Nf3 c5 6. a3 dxc4 7. Bxc4 b5 8. Ba2 Bb7
9. O-O Nbd7 10. Qe2 Qb6 11. Rd1 Bd6 12. dxc5 Nxc5 13. b4 Nce4 14. Bb2 O-O 15.
Nxe4 Nxe4 16. Bd4 Qc7 17. Qb2 Nf6 18. Bxf6 gxf6 19. Qxf6 Bxf3 20. Qxf3 Bxh2+ 21.
Kf1 Be5 22. Rac1 Qe7 23. Rc5 Bg7 24. Qe4 Rad8 25. Rxd8 Rxd8 26. Bb1 f5 27. Qc2
Qh4 28. Rc8 Qh1+ 29. Ke2 Qh5+ 30. f3 Qg5 31. Rxd8+ Qxd8 32. Ba2 Qf6 33. Qc8+ Kf7
34. Qd7+ Kg6 35. Qxe6 Qxe6 36. Bxe6 Bb2 37. Bc8 Bxa3 38. Bxa6 h5 39. f4 h4 40.
Bxb5 Kf6 41. Kf3 Bxb4 1/2-1/2

[Event "5th Classic Open 2013"]
[Site "London ENG"]
[Date "2013.12.10"]
[Round "4.27"]
[White "Fernandez, Daniel Howard"]
[Black "Bao, Qilin"]
[Result "0-1"]
[WhiteTitle "IM"]
[WhiteElo "2381"]
[BlackElo "2166"]
[WhiteFideId "5801605"]
[BlackFideId "8605750"]
[EventDate "2013.12.07"]

1. d4 Nf6 2. Nf3 g6 3. b4 Bg7 4. Bb2 O-O 5. Nbd2 d6 6. e3 Nbd7 7. Be2 e5 8. O-O
e4 9. Ne1 Re8 10. c4 Nf8 11. Nc2 h5 12. d5 N8h7 13. f4 exf3 14. Nxf3 Bd7 15. a4
Ng4 16. Bxg7 Kxg7 17. Qd4+ Kg8 18. e4 Qe7 19. Nd2 Qh4 20. Bxg4 hxg4 21. g3 Qh6
22. Rf4 Ng5 23. Kh1 Re5 24. c5 Rae8 25. cxd6 cxd6 26. Raf1 f5 27. Qxa7 Nh3 28.
Qxb7 Nxf4 29. Rxf4 R5e7 30. Qb6 g5 31. Rf1 f4 32. Qf2 Rf8 33. b5 Ref7 34. Kg1
Qh8 35. Qd4 Qh3 36. Qd3 fxg3 37. hxg3 Rf3 38. Nxf3 Qxg3+ 39. Kh1 gxf3 40. Ne1
Rf6 0-1

[Event "5th Classic Open 2013"]
[Site "London ENG"]
[Date "2013.12.10"]
[Round "4.30"]
[White "Ethelontis, Alexandros N"]
[Black "Crouch, Colin S"]
[Result "1-0"]
[BlackTitle "IM"]
[WhiteElo "2158"]
[BlackElo "2362"]
[WhiteFideId "405469"]
[BlackFideId "400947"]
[EventDate "2013.12.07"]

1. c4 b6 2. Nc3 Bb7 3. e4 e5 4. Nf3 Nc6 5. Be2 Nf6 6. d3 g6 7. O-O Bg7 8. Nd5
Nxd5 9. cxd5 Nd4 10. Nxd4 exd4 11. Bf4 O-O 12. Bf3 f5 13. Rc1 fxe4 14. Bxc7 Qf6
15. dxe4 d6 16. Bg4 Qe5 17. Be6+ Kh8 18. Re1 Ba6 19. Rc6 Qf4 20. f3 Be5 21. g3
Qxf3 22. Qxf3 Rxf3 23. Bxd6 Bxd6 24. Rxd6 Raf8 25. Bg4 Rf1+ 26. Rxf1 Rxf1+ 27.
Kg2 Rb1 28. Rf6 h5 29. Be6 d3 30. Rf2 Bc4 31. b3 Rc1 32. bxc4 Rc2 33. e5 d2 34.
Rxd2 Rxd2+ 35. Kf3 Kg7 36. d6 Kf8 37. Bd5 b5 38. e6 Rxd5 39. cxd5 b4 40. Ke2 1-0

[Event "5th Classic Open 2013"]
[Site "London ENG"]
[Date "2013.12.10"]
[Round "4.31"]
[White "Willmoth, Robert F"]
[Black "Ben Artzi, Ido"]
[Result "0-1"]
[WhiteElo "2157"]
[BlackElo "2341"]
[WhiteFideId "402540"]
[BlackFideId "2810913"]
[EventDate "2013.12.07"]

1. Nf3 g6 2. d4 Bg7 3. g3 Nf6 4. Bg2 d5 5. O-O O-O 6. b3 c5 7. e3 cxd4 8. exd4
Ne4 9. Bb2 Nc6 10. Qe2 Bg4 11. Qe3 Qb6 12. c3 e5 13. Nbd2 exd4 14. cxd4 Rfe8 15.
Nxe4 dxe4 16. Ne5 Nxe5 17. dxe5 Qxe3 18. fxe3 Bxe5 19. Bxe5 Rxe5 20. Rf4 f5 21.
Rf2 Rd8 22. Rc2 Red5 23. Bf1 Kg7 24. Rac1 Kf6 25. Rc7 R8d7 26. Rxd7 Rxd7 27. h3
Bf3 28. a4 Rd3 29. b4 Rxe3 30. Kf2 Rb3 31. b5 g5 32. Rc7 f4 33. gxf4 gxf4 34.
Rf7+ Kxf7 35. Bc4+ Kf6 36. Bxb3 b6 37. h4 Ke5 38. Bg8 h6 39. Bf7 Kd4 40. h5 Kd3
41. Bg6 Kd2 0-1

[Event "5th Classic Open 2013"]
[Site "London ENG"]
[Date "2013.12.10"]
[Round "4.32"]
[White "Green, Andrew D"]
[Black "Longson, Alexander"]
[Result "1/2-1/2"]
[BlackTitle "FM"]
[WhiteElo "2148"]
[BlackElo "2333"]
[WhiteFideId "2401762"]
[BlackFideId "408093"]
[EventDate "2013.12.07"]

1. d4 Nf6 2. c4 c5 3. d5 e6 4. Nc3 exd5 5. cxd5 d6 6. Nf3 a6 7. a4 Qe7 8. Bf4 g6
9. h3 Nbd7 10. Nd2 Ne5 11. e3 Bg7 12. Be2 O-O 13. O-O Nfd7 14. Bh2 f5 15. Qc2
Rb8 16. Rfe1 Nf6 17. Rab1 Bd7 18. a5 Kh8 19. b4 cxb4 20. Rxb4 Rfc8 21. Qb3 Rxc3
22. Qxc3 Nxd5 23. Qb3 Nxb4 24. Qxb4 Bc8 25. Nc4 Nxc4 26. Bxc4 Be5 27. Bxa6 Ra8
28. Bxe5+ Qxe5 29. Bxb7 Bxb7 30. Qxb7 Rxa5 31. Qf7 Ra8 32. Rc1 Qg7 33. Qe6 Qe5
34. Qf7 Qg7 35. Qb3 h6 36. g3 Ra1 37. Qb8+ Kh7 38. Rxa1 Qxa1+ 39. Kg2 Qe5 40.
Qc7+ Kg8 41. Qd8+ 1/2-1/2

[Event "5th Classic Open 2013"]
[Site "London ENG"]
[Date "2013.12.10"]
[Round "4.33"]
[White "Lee, Kai Jie Edward"]
[Black "Buchicchio, Giampaolo"]
[Result "0-1"]
[BlackTitle "FM"]
[WhiteElo "2145"]
[BlackElo "2312"]
[WhiteFideId "5802920"]
[BlackFideId "811491"]
[EventDate "2013.12.07"]

1. e4 c5 2. Nf3 Nc6 3. d4 cxd4 4. Nxd4 e5 5. Nb5 d6 6. c4 Be7 7. N1c3 a6 8. Na3
Be6 9. Nc2 Bg5 10. Be2 Rc8 11. b3 Bxc1 12. Rxc1 Nge7 13. O-O O-O 14. Qd2 Qa5 15.
Rfd1 Rfd8 16. b4 Qb6 17. Nd5 Bxd5 18. cxd5 Nb8 19. Ne3 Rxc1 20. Rxc1 Rc8 21. Nf5
Rxc1+ 22. Qxc1 Kf8 23. Bg4 Nd7 24. Nxe7 Kxe7 25. Qc4 a5 26. a3 axb4 27. axb4 Nf6
28. Be2 Ne8 29. g3 Nc7 30. b5 Kf8 31. Kg2 g6 32. h4 h5 33. Qc3 Ne8 34. Qc4 Qc5
35. Kf3 Nf6 36. Qxc5 dxc5 37. Ke3 Ke7 38. f3 Ne8 39. f4 Kd6 40. g4 hxg4 41. Bxg4
exf4+ 42. Kxf4 c4 43. Bf3 f6 44. e5+ Kc5 45. d6 fxe5+ 46. Kg5 Nxd6 47. Kxg6 e4
48. Bd1 e3 49. h5 c3 50. h6 e2 51. Bxe2 c2 52. h7 c1=Q 53. h8=Q Qg1+ 54. Kh7
Qh2+ 55. Kg8 Qxe2 56. Qf6 Qg4+ 57. Kh8 Qd4 0-1

[Event "5th Classic Open 2013"]
[Site "London ENG"]
[Date "2013.12.10"]
[Round "4.34"]
[White "Chapman, Terry P D"]
[Black "Wallace, Paul"]
[Result "0-1"]
[WhiteTitle "FM"]
[WhiteElo "2309"]
[BlackElo "2130"]
[WhiteFideId "413399"]
[BlackFideId "2500892"]
[EventDate "2013.12.07"]

1. Nf3 g6 2. c4 Bg7 3. d4 d6 4. g3 Nd7 5. Bg2 e5 6. e4 Ngf6 7. Nc3 O-O 8. O-O c6
9. b3 Re8 10. Be3 Ng4 11. Bg5 Qa5 12. Bd2 exd4 13. Nb5 Qb6 14. Nxd6 Rd8 15. Nxf7
Kxf7 16. Ng5+ Kg8 17. Qxg4 Ne5 18. Qd1 h6 19. Nh3 Rf8 20. f4 Ng4 21. e5 Bf5 22.
Qc1 c5 23. Nf2 Nxf2 24. Rxf2 Qc7 25. Bd5+ Kh8 26. Qf1 Qd7 27. Re1 Rae8 28. h4
Re7 29. Qg2 Bh3 30. Qe4 Bf5 31. Qg2 Bh3 32. Qe4 Bf5 33. Qe2 Rfe8 34. Kh2 Qc8 35.
Qf3 Bg4 36. Qe4 Bf5 37. Qf3 Bg4 38. Qe4 Bf5 39. Qg2 Rf8 40. Rg1 Bg4 41. Kh1 b6
42. Be4 Qe6 43. Re1 Qf7 44. Bd5 Qf5 45. Be4 Qh5 46. Kg1 Ref7 47. Bd5 Re7 48. Be4
Ref7 49. Ref1 Re7 50. Bf3 Qf5 51. Bxg4 Qxg4 52. Kh2 Ref7 53. Re1 Re7 54. Rfe2
Rfe8 55. a4 a5 56. Qd5 Re6 57. Kg2 Rf8 58. Qf3 h5 59. Qd5 Qf5 60. Re4 Rf7 61.
Bc1 Bf8 62. R4e2 Kh7 63. Rh1 Kg8 64. Kf2 Kg7 65. Qf3 Kg8 66. Bd2 Be7 67. Kg2 Bf8
68. Be1 Bg7 69. Rf2 Bf8 70. Qe2 Be7 71. Kg1 Rh7 72. Rg2 Kh8 73. Qf3 Rf7 74. Qd5
Kh7 75. Kh2 Bf8 76. Bd2 Be7 77. Rhg1 Qg4 78. Rf1 Qf5 79. Rgf2 Bf8 80. Be1 Be7
81. Rg1 Bf8 82. g4 hxg4 83. Qg2 Be7 84. Qxg4 Qxg4 85. Rxg4 Kh6 86. Kh3 Rf5 87.
Rfg2 Rh5 88. Bd2 Kg7 89. Kg3 Kf7 90. Rh2 Rf5 91. Kg2 Bd8 92. Rh1 Re8 93. Be1 Re6
94. Rh3 Be7 95. Bf2 Bd8 96. Rf3 Be7 97. Be1 Rh5 98. Kf1 Rf5 99. Ke2 Bd8 100. Kd3
Rexe5 101. Rxg6 Rxe1 102. Rd6 Bxh4 103. Rxb6 Bg5 104. Rb5 Bxf4 105. Rxa5 Re3+
106. Rxe3 dxe3 107. Ra7+ Ke6 108. a5 Re5 109. Ke2 Kd6 110. Rf7 Bh2 111. a6 Re8
112. a7 Bg1 113. Rb7 Ra8 114. Rg7 Bf2 0-1

[Event "5th Classic Open 2013"]
[Site "London ENG"]
[Date "2013.12.10"]
[Round "4.35"]
[White "Smith, Andrew Philip"]
[Black "Carr, Neil L"]
[Result "1/2-1/2"]
[WhiteTitle "FM"]
[BlackTitle "FM"]
[WhiteElo "2132"]
[BlackElo "2275"]
[WhiteFideId "2500833"]
[BlackFideId "401048"]
[EventDate "2013.12.07"]

1. e4 c5 2. Nf3 d6 3. d4 cxd4 4. Nxd4 Nf6 5. Nc3 g6 6. Bg5 Bg7 7. Bb5+ Nbd7 8.
Qe2 O-O 9. O-O-O Ne5 10. f4 Bg4 11. Nf3 Nxf3 12. gxf3 a6 13. Ba4 Bd7 14. Bb3 Nh5
15. Rxd6 Bxc3 16. bxc3 Qc7 17. Rdd1 Qxc3 18. Qd3 Qxd3 19. Rxd3 Bb5 20. Rd2 Rfd8 1/2-1/2

[Event "5th Classic Open 2013"]
[Site "London ENG"]
[Date "2013.12.10"]
[Round "4.36"]
[White "Sreeves, Clement"]
[Black "Johannesson, Oliver"]
[Result "0-1"]
[WhiteElo "2251"]
[BlackElo "2078"]
[WhiteFideId "2402564"]
[BlackFideId "2305623"]
[EventDate "2013.12.07"]

1. c4 Nf6 2. g3 c6 3. Bg2 d5 4. Nf3 Bf5 5. cxd5 cxd5 6. Qb3 Nc6 7. Qxb7 Bd7 8.
Qb3 e5 9. O-O Rb8 10. Qd1 e4 11. Ne1 h5 12. d3 h4 13. dxe4 dxe4 14. Nc3 hxg3 15.
hxg3 Qa5 16. Nf3 exf3 17. exf3 Be7 18. Ne4 Nxe4 19. fxe4 Bh3 20. Bd2 Qh5 21.
Qxh5 Rxh5 22. Bxh3 Rxh3 23. Bc3 f6 24. Rac1 Rc8 25. Bd4 Rh8 26. Rc4 Kd7 27. Be3
Ne5 28. Ra4 Rc7 29. Rd1+ Ke6 30. Rd5 g5 31. Kg2 Ng4 32. Bxa7 Rh2+ 33. Kf3 Ne5+
34. Ke2 Rc1 35. Rd1 Rc2+ 36. Rd2 Rc1 37. Rd1 Rxd1 38. Kxd1 Nd3 39. Ke2 Nxf2 40.
Ra6+ Kf7 41. Bxf2 Bc5 42. b4 Bxf2 43. Kf3 Bd4 44. b5 Rf2+ 45. Kg4 Rb2 46. a4 Kg6
47. Ra8 Be5 48. Rg8+ Kf7 49. Rd8 Rb3 50. Rd7+ Kg6 51. b6 Rxg3# 0-1

[Event "5th Classic Open 2013"]
[Site "London ENG"]
[Date "2013.12.10"]
[Round "4.37"]
[White "Millward, Kevin P"]
[Black "Persson, Mats"]
[Result "0-1"]
[WhiteElo "1950"]
[BlackElo "2250"]
[WhiteFideId "404721"]
[BlackFideId "1708333"]
[EventDate "2013.12.07"]

1. e4 c5 2. Nc3 e6 3. g3 Nc6 4. Bg2 Nf6 5. d3 Be7 6. Nge2 O-O 7. O-O a6 8. h3
Rb8 9. g4 b5 10. Ng3 b4 11. Nce2 d5 12. g5 Ne8 13. exd5 exd5 14. Bf4 Rb6 15. Qd2
Be6 16. h4 Qd7 17. Kh2 f6 18. Rae1 fxg5 19. hxg5 Nd6 20. Ng1 Nd4 21. c3 bxc3 22.
bxc3 N4b5 23. Qe3 Nc8 24. Rb1 d4 25. cxd4 cxd4 26. Qd2 Nc3 27. Rxb6 Nxb6 28. Ne4
Nxe4 29. Bxe4 Rxf4 0-1

[Event "5th Classic Open 2013"]
[Site "London ENG"]
[Date "2013.12.10"]
[Round "4.39"]
[White "Tsifanskaya, Ludmila A"]
[Black "Bates, Richard A"]
[Result "1-0"]
[WhiteTitle "WIM"]
[BlackTitle "IM"]
[WhiteElo "2093"]
[BlackElo "2338"]
[WhiteFideId "2802368"]
[BlackFideId "403555"]
[EventDate "2013.12.07"]

1. Nf3 Nf6 2. g3 g6 3. Bg2 Bg7 4. O-O O-O 5. d4 d6 6. b3 c6 7. Bb2 Bg4 8. h3
Bxf3 9. Bxf3 Nbd7 10. c4 e5 11. e3 Re8 12. Nc3 e4 13. Bg2 Nf8 14. Rc1 a6 15. Qc2
Qe7 16. a4 d5 17. c5 Ne6 18. b4 Nd7 19. b5 f5 20. Rb1 Nf6 21. Bc1 axb5 22. axb5
g5 23. Ne2 Rf8 24. Bd2 Bh6 25. bxc6 bxc6 26. Rb6 Rac8 27. Rfb1 f4 28. Bf1 Nd7
29. Rb7 Rf7 30. g4 Nef8 31. Ra7 Ng6 32. Nc3 Nh4 33. Rbb7 Nf3+ 34. Kh1 Qe6 35.
Nxe4 Nxd2 36. Nxd2 fxe3 37. fxe3 Rd8 38. Qd3 Bg7 39. Bg2 Qf6 40. Nf3 Qh6 41. Kg1
Qf6 42. Qf5 Qxf5 43. gxf5 Bf6 44. Rc7 1-0

[Event "5th Classic Open 2013"]
[Site "London ENG"]
[Date "2013.12.10"]
[Round "4.40"]
[White "Gislason, Gudmundur"]
[Black "Friedland, Jon S"]
[Result "1-0"]
[WhiteTitle "FM"]
[BlackTitle "CM"]
[WhiteElo "2318"]
[BlackElo "2089"]
[WhiteFideId "2300559"]
[BlackFideId "408484"]
[EventDate "2013.12.07"]

1. Nf3 d6 2. d4 Nf6 3. g3 g6 4. Bg2 Bg7 5. O-O O-O 6. c4 Nc6 7. Nc3 a6 8. h3 Rb8
9. Bg5 h6 10. Be3 Bd7 11. c5 e5 12. cxd6 cxd6 13. dxe5 dxe5 14. Qc1 Kh7 15. Rd1
Qc8 16. g4 b5 17. Bc5 Re8 18. Bd6 Rb7 19. Qe3 b4 20. Ne4 Nxe4 21. Qxe4 f5 22.
gxf5 Bxf5 23. Qxc6 Qxc6 24. Ng5+ hxg5 25. Bxc6 Ree7 26. Bxe7 Rxe7 27. Rd8 Rc7
28. Bd5 Rc2 29. e3 Bxh3 30. Kh2 g4 31. Kg3 e4 32. Bxe4 Rxb2 33. Rb1 Rxa2 34.
Rxb4 Kh6 35. Re8 Ra5 36. Rb6 Rg5 37. Kh2 Be5+ 38. Kg1 Bc3 39. Ree6 a5 40. Rxg6+
Rxg6 41. Rxg6+ Kh5 42. Rc6 Bd2 43. Kh2 Kh4 44. Rh6+ Kg5 45. Rg6+ Kh4 46. f4 g3+
47. Rxg3 Be6 48. f5 Bb3 49. Bf3 a4 50. Rg4+ Kh5 51. Rg2+ 1-0

[Event "5th Classic Open 2013"]
[Site "London ENG"]
[Date "2013.12.10"]
[Round "4.42"]
[White "Osborne, Marcus E"]
[Black "Samaganova, Alexandra"]
[Result "1-0"]
[WhiteElo "2286"]
[BlackElo "2033"]
[WhiteFideId "404608"]
[BlackFideId "13800221"]
[EventDate "2013.12.07"]

1. d4 Nf6 2. Nf3 e6 3. c4 b6 4. Nc3 Bb7 5. a3 Be7 6. d5 O-O 7. e4 d6 8. Be2 e5
9. b4 a5 10. Rb1 axb4 11. axb4 Nbd7 12. h3 Re8 13. Be3 Qc8 14. Qb3 Bf8 15. Nh2
h6 16. h4 Rb8 17. g4 Nh7 18. g5 hxg5 19. hxg5 Qd8 20. Rg1 Be7 21. g6 Nhf6 22.
gxf7+ Kxf7 23. Nf3 Nf8 24. Nh4 Bc8 25. Qd1 g6 26. Bh6 N6h7 27. Nf5 Bg5 28. Bxg5
Nxg5 29. Qd2 Nfh7 30. Nh4 Qf6 31. Rg3 Rg8 32. Nf3 Nh3 33. Qh6 Rg7 34. Rxh3 Bxh3
35. Qxh3 Nf8 36. Qg4 g5 37. Ra1 Qf4 38. Qxf4+ gxf4 39. Ra7 Kf6 40. Nh4 Ng6 41.
Nxg6 Kxg6 42. Nb5 Kf6 43. Rxc7 Rxc7 44. Nxc7 Rh8 45. Bg4 Ke7 46. Ke2 Rg8 47. f3
Rh8 48. Kd3 Rb8 49. c5 bxc5 50. bxc5 dxc5 51. Kc4 Rg8 52. Kxc5 Rg6 53. d6+ Kf8
54. Ne6+ Ke8 55. Bh5 1-0

[Event "5th Classic Open 2013"]
[Site "London ENG"]
[Date "2013.12.10"]
[Round "4.44"]
[White "Sellmair, Reinhard"]
[Black "Bukojemski, Adam"]
[Result "1-0"]
[WhiteElo "1988"]
[BlackElo "2243"]
[WhiteFideId "12946990"]
[BlackFideId "1114620"]
[EventDate "2013.12.07"]

1. e4 c5 2. Nc3 e6 3. g3 h5 4. Bg2 h4 5. d3 Nc6 6. g4 h3 7. Nxh3 Nge7 8. f4 Ng6
9. Nf2 Nh4 10. Rg1 d6 11. Bh1 g5 12. f5 Nd4 13. Rg3 Bg7 14. Ne2 Be5 15. Rh3 Qf6
16. c3 Nxe2 17. Kxe2 exf5 18. exf5 Nxf5 19. Rxh8+ Qxh8 20. gxf5 Bxf5 21. Bxb7
Rb8 22. Qh1 Qh5+ 23. Kf1 g4 24. Bd2 Bxh2 25. Re1+ Kf8 26. Bf4 Bxd3+ 27. Nxd3
Qh3+ 28. Ke2 c4 29. Nf2 Re8+ 30. Kd1 Rxe1+ 31. Kxe1 Qh4 32. Bxd6+ 1-0

[Event "5th Classic Open 2013"]
[Site "London ENG"]
[Date "2013.12.10"]
[Round "4.46"]
[White "Stigar, Petter"]
[Black "Amato, Giampiero"]
[Result "1-0"]
[WhiteTitle "FM"]
[WhiteElo "2240"]
[BlackElo "2009"]
[WhiteFideId "1500341"]
[BlackFideId "813303"]
[EventDate "2013.12.07"]

1. d4 c5 2. d5 Nf6 3. c4 g6 4. Nc3 Bg7 5. e4 O-O 6. Nf3 e6 7. Bd3 exd5 8. cxd5
d6 9. h3 b5 10. Nxb5 Re8 11. O-O Nxe4 12. Re1 a6 13. Nc3 Nxc3 14. Rxe8+ Qxe8 15.
bxc3 Nd7 16. Rb1 Nf6 17. c4 Qd8 18. Bf4 Ra7 19. Qa4 Rb7 20. Qc6 Rxb1+ 21. Bxb1
Bf8 22. Bc2 Qd7 23. Qb6 Bb7 24. Nd2 h6 25. Nb3 Qe7 26. Be3 Bc8 27. Na5 Qe5 28.
Qd8 Qa1+ 29. Kh2 Qe5+ 30. g3 Bf5 31. Bxf5 Qxf5 32. Nc6 Nh7 1-0

[Event "5th Classic Open 2013"]
[Site "London ENG"]
[Date "2013.12.10"]
[Round "4.47"]
[White "Roberts, Paul"]
[Black "Vachtfeidl, Petr"]
[Result "1/2-1/2"]
[WhiteTitle "CM"]
[WhiteElo "2215"]
[BlackElo "1985"]
[WhiteFideId "2400600"]
[BlackFideId "315028"]
[EventDate "2013.12.07"]

1. e4 c5 2. Nf3 e6 3. d4 cxd4 4. Nxd4 Nf6 5. Nc3 d6 6. Be2 Be7 7. O-O O-O 8. f4
Qb6 9. Kh1 Nc6 10. Nb3 Qc7 11. Be3 a6 12. Qe1 b5 13. a3 Bb7 14. Qf2 Rac8 15. Bf3
Nd7 16. Ne2 b4 17. Ned4 Nxd4 18. Nxd4 bxa3 19. Rxa3 Nf6 20. Rc3 Qa5 21. Rxc8
Rxc8 22. e5 Ne4 23. Bxe4 Bxe4 24. exd6 Bxd6 25. c3 1/2-1/2

[Event "5th Classic Open 2013"]
[Site "London ENG"]
[Date "2013.12.10"]
[Round "4.48"]
[White "Stanisz, Patryk"]
[Black "Pleininger, Rudolf"]
[Result "1-0"]
[WhiteElo "2165"]
[BlackElo "1968"]
[WhiteFideId "1123106"]
[BlackFideId "1305999"]
[EventDate "2013.12.07"]

1. d4 Nf6 2. c4 e6 3. Nf3 Bb4+ 4. Nbd2 O-O 5. a3 Bxd2+ 6. Bxd2 d6 7. Qc2 Nbd7 8.
g3 e5 9. dxe5 dxe5 10. Bg2 Re8 11. O-O-O Qe7 12. Ng5 e4 13. f3 e3 14. Bc3 h6 15.
Ne4 Nxe4 16. fxe4 c5 17. Rhf1 a5 18. a4 Nb6 19. b3 Bd7 20. Qb2 Qg5 21. h4 Qg6
22. Be5 Be6 23. g4 Nd7 24. Bc3 Bxg4 25. Rg1 h5 26. Bf3 Nf8 27. Rd5 Ne6 28. Qc2
Red8 29. Bxg4 hxg4 30. h5 Qh6 31. Rxg4 Rxd5 32. exd5 Nd4 33. Bxd4 cxd4 34. Qf5
Ra6 35. Rxd4 Rf6 36. Qd3 Rf1+ 37. Kc2 Qg5 38. Re4 g6 39. d6 Qg1 40. Qxe3 Rf6 41.
Qxg1 1-0

[Event "5th Classic Open 2013"]
[Site "London ENG"]
[Date "2013.12.10"]
[Round "4.49"]
[White "Okike, David"]
[Black "Woong, Zhi Wei William"]
[Result "1-0"]
[WhiteElo "2150"]
[BlackElo "1837"]
[WhiteFideId "8500134"]
[BlackFideId "5804906"]
[EventDate "2013.12.07"]

1. e4 c5 2. Nf3 e6 3. d4 cxd4 4. Nxd4 a6 5. Bd3 Bc5 6. Nb3 Be7 7. f4 d6 8. Qe2
Nd7 9. Be3 Ngf6 10. N1d2 Qc7 11. O-O-O e5 12. f5 b5 13. g4 Nc5 14. Kb1 Bb7 15.
Nxc5 dxc5 16. g5 Nd7 17. c4 b4 18. Rhg1 O-O-O 19. Bc2 a5 20. h4 Nb8 21. Qf2 Nd7
22. h5 h6 23. gxh6 gxh6 24. Rg7 Rdf8 25. Nf1 Nf6 26. Qf3 Qc6 27. Nd2 Nh7 28. Nb3
Ng5 29. Rxg5 hxg5 30. Nxa5 Qc7 31. Nxb7 Kxb7 32. f6 Bd6 33. Bxg5 Ra8 34. Be3 Qc6
35. Qf5 Kc7 36. h6 Ra5 37. Rd5 Qd7 38. Qh5 Kc6 39. Bxc5 Bxc5 40. Rxd7 Kxd7 41.
Qxf7+ Kc6 42. h7 Ra7 43. Qe6+ Kb7 44. Qg8 Ra8 45. Qg7+ Kb6 46. f7 Bd6 47. Bd1
Kc5 48. Ba4 Raf8 49. b3 Kd4 50. Bc6 Kc5 51. Be8 Kd4 52. Qg1+ Kd3 53. Qd1+ 1-0

[Event "5th Classic Open 2013"]
[Site "London ENG"]
[Date "2013.12.10"]
[Round "4.50"]
[White "Phillips, Owen S"]
[Black "Williamson, Roger G"]
[Result "0-1"]
[WhiteElo "1913"]
[BlackElo "2150"]
[WhiteFideId "417882"]
[BlackFideId "414620"]
[EventDate "2013.12.07"]

1. e4 e5 2. d4 exd4 3. Nf3 Nc6 4. Nxd4 Bb4+ 5. c3 Bc5 6. Nxc6 bxc6 7. Bc4 Qh4 8.
O-O Nf6 9. g3 Qh3 10. Qf3 O-O 11. Bd3 d5 12. exd5 Bg4 13. Qh1 Rae8 14. Na3 Qh5
15. h4 Bf3 16. Qh3 Ng4 17. Bg5 h6 18. Bf4 Be2 19. Bc4 Nxf2 20. Rxf2 Bxc4 21.
Nxc4 Bxf2+ 22. Kxf2 Qe2+ 23. Kg1 Qxc4 24. dxc6 Re2 25. Rf1 Qc5+ 0-1

[Event "5th Classic Open 2013"]
[Site "London ENG"]
[Date "2013.12.10"]
[Round "4.51"]
[White "Opasiak, Dustin Tennessee"]
[Black "Hebbes, Tim"]
[Result "1/2-1/2"]
[WhiteElo "1796"]
[BlackElo "2104"]
[WhiteFideId "24630217"]
[BlackFideId "406570"]
[EventDate "2013.12.07"]

1. e4 e6 2. d4 d5 3. Nc3 Nf6 4. Bd3 c5 5. Nf3 Nc6 6. exd5 Nxd5 7. Nxd5 Qxd5 8.
dxc5 Bxc5 9. O-O Bd7 10. a3 Ne5 11. Nxe5 Qxe5 12. Re1 Qf6 13. Qe2 Bc6 14. Rb1
Rd8 15. Be3 Bxe3 16. Qxe3 O-O 17. Qxa7 Qg5 18. Be4 Bxe4 19. Rxe4 Qd2 20. Qa4 Rd5
21. Rbe1 Rc8 22. c4 Rd4 23. R4e2 Qd3 24. Rc2 b5 25. Qa6 Rcd8 26. Rcc1 bxc4 27.
g3 Qb3 28. a4 h5 29. Rc3 Qxb2 30. Rxc4 Qd2 31. Rec1 h4 32. Rc8 Kh7 33. Qb5 g6
34. a5 Rxc8 35. Rxc8 Rd5 36. Qc4 Qd1+ 37. Kg2 Rxa5 38. Qxh4+ Rh5 39. Qf6 Qd5+
40. Kg1 Qd1+ 41. Kg2 Qd5+ 42. Kg1 Qd1+ 43. Kg2 1/2-1/2

[Event "5th Classic Open 2013"]
[Site "London ENG"]
[Date "2013.12.10"]
[Round "4.52"]
[White "Compton, Alistair"]
[Black "Miu, Marinel"]
[Result "1/2-1/2"]
[WhiteElo "2101"]
[BlackElo "1683"]
[WhiteFideId "4300645"]
[BlackFideId "1220691"]
[EventDate "2013.12.07"]

1. e4 e6 2. d4 d5 3. Nc3 h6 4. Nf3 Nf6 5. Bd3 b6 6. O-O dxe4 7. Nxe4 Bb7 8. Qe2
Nbd7 9. c4 Be7 10. Bf4 O-O 11. Nxf6+ Nxf6 12. Rad1 Bd6 13. Ne5 Qe7 14. Bg3 c5
15. dxc5 Bxc5 16. Bh4 Rad8 17. Ng4 Bd4 18. Bb1 Qc5 19. Qc2 Rfe8 20. Nxf6+ gxf6
21. Qh7+ Kf8 22. Bg6 fxg6 23. Qxb7 g5 24. Bg3 f5 25. b4 Qxc4 26. Rc1 Qd5 27.
Qxa7 Rd7 28. Rc7 Red8 29. h4 f4 30. Bh2 b5 31. Qa5 Rxc7 32. Qxc7 Qd7 33. Qc2 Kg7
34. h5 Qf7 35. g4 e5 36. Rc1 Rd7 37. Qc8 e4 38. Rc6 Bf6 39. Rc5 Rd1+ 40. Kg2 e3
41. fxe3 f3+ 42. Kf2 Qxa2+ 43. Rc2 Rd2+ 44. Rxd2 Qxd2+ 45. Kxf3 Qxh2 46. Qd7+
Kf8 47. Qc8+ Kf7 48. Qd7+ Be7 49. Qf5+ Ke8 50. Qc8+ Bd8 51. Qe6+ Kf8 52. Qxh6+
Ke8 1/2-1/2

[Event "5th Classic Open 2013"]
[Site "London ENG"]
[Date "2013.12.10"]
[Round "4.53"]
[White "Zhou, Yang-Fan"]
[Black "Leung, Ho Yan Andrew"]
[Result "1-0"]
[WhiteTitle "IM"]
[WhiteElo "2483"]
[BlackElo "1708"]
[WhiteFideId "468584"]
[BlackFideId "6000290"]
[EventDate "2013.12.07"]

1. Nf3 c5 2. e4 d6 3. Bc4 e6 4. O-O Nc6 5. Re1 g6 6. d4 cxd4 7. Nxd4 Bg7 8. Nb5
Bf8 9. N1c3 a6 10. Nd4 Bg7 11. Be3 Nge7 12. Qd2 Bd7 13. Rad1 Ne5 14. Be2 b5 15.
Bh6 O-O 16. Bxg7 Kxg7 17. a3 Qc7 18. Nf3 Nxf3+ 19. Bxf3 Nc8 20. h4 h5 21. Re3
Bc6 22. Rd3 Ra7 23. Ne2 Qb8 24. Ng3 1-0

[Event "5th Classic Open 2013"]
[Site "London ENG"]
[Date "2013.12.10"]
[Round "4.54"]
[White "Calvert, D Ian"]
[Black "Kiik, Kalle"]
[Result "0-1"]
[BlackTitle "IM"]
[WhiteElo "2002"]
[BlackElo "2435"]
[WhiteFideId "406368"]
[BlackFideId "4500075"]
[EventDate "2013.12.07"]

1. b3 d5 2. Bb2 Nf6 3. Nf3 Bf5 4. c4 e6 5. g3 Nc6 6. Bg2 d4 7. d3 a5 8. Nbd2 e5
9. a3 Be7 10. Qc2 h6 11. Rd1 O-O 12. O-O Bh7 13. Ne1 Nd7 14. e3 dxe3 15. fxe3
Bc5 16. Rf3 Qe7 17. Qc1 Bg6 18. g4 h5 19. h3 hxg4 20. hxg4 Nf6 21. Rg3 Rad8 22.
Nf1 Rd7 23. Bxc6 bxc6 24. d4 Rfd8 25. Nf3 Ne4 26. Rg2 Ng5 27. N1h2 Be4 28. Rf1
exd4 29. exd4 Rxd4 30. Nxd4 Rxd4 31. Bxd4 Bxd4+ 32. Kh1 Bxg2+ 33. Kxg2 Qe2+ 34.
Kh1 Qe4+ 35. Nf3 Nxf3 36. Qb1 Qxg4 0-1